Gains from planning? Dealing with the impacts of development. (Record no. 87191)

MARC details
000 -LEADER
fixed length control field 01131cam a2200265 4500
008 - FIXED-LENGTH DATA ELEMENTS--GENERAL INFORMATION
fixed length control field 090401t1993 xxu||||| |||| 00| 0 eng d
020 ## - INTERNATIONAL STANDARD BOOK NUMBER
International Standard Book Number 1872470815
035 ## - SYSTEM CONTROL NUMBER
System control number (Sirsi) u14562
041 ## - LANGUAGE CODE
Language code of text/sound track or separate title eng
050 ## - LIBRARY OF CONGRESS CALL NUMBER
Classification number 711.1
100 ## - MAIN ENTRY--PERSONAL NAME
Personal name Healey, Patsy
245 ## - TITLE STATEMENT
Title Gains from planning? Dealing with the impacts of development.
260 ## - PUBLICATION, DISTRIBUTION, ETC.
Place of publication, distribution, etc. York
Name of publisher, distributor, etc. Joseph Rowntree Foundation
Date of publication, distribution, etc. 1993
300 ## - PHYSICAL DESCRIPTION
Extent 50p. ; 30cm.
350 ## - PRICE (NR) (BK AM CF MU VM SE) [OBSOLETE]
Price 7.5
520 ## - SUMMARY, ETC.
Summary, etc. Suggests ways in which policy makers can ensure that market opportunities and transactions develop efficiently while safeguarding environmental and community concerns. Government policy should be clear about the rationales used to justify agreements, development plans should specify the scope of impacts and the expected measures to alleviate or compensate and arrangements should be introduced to register and monitor agreements.
650 ## - SUBJECT ADDED ENTRY--TOPICAL TERM
Topical term or geographic name entry element PLANNING AGREEMENTS
650 ## - SUBJECT ADDED ENTRY--TOPICAL TERM
Topical term or geographic name entry element PLANNING GAIN
690 ## - LOCAL SUBJECT ADDED ENTRY--TOPICAL TERM (OCLC, RLIN)
Topical term or geographic name as entry element PLANNING LAW AND PRACTICE
700 ## - ADDED ENTRY--PERSONAL NAME
Personal name Purdue, Michael
700 ## - ADDED ENTRY--PERSONAL NAME
Personal name Ennis, Frank
710 ## - ADDED ENTRY--CORPORATE NAME
Corporate name or jurisdiction name as entry element Joseph Rowntree Foundation
9 (RLIN) 2318
942 ## - ADDED ENTRY ELEMENTS (KOHA)
Suppress in OPAC 0
948 ## - LOCAL PROCESSING INFORMATION (OCLC); SERIES PART DESIGNATOR (RLIN)
c (OCLC) 04/03/1997
Holdings
Withdrawn status Lost status Source of classification or shelving scheme Damaged status Not for loan Home library Current library Shelving location Date acquired Cost, normal purchase price Total Checkouts Full call number Barcode Date last seen Date last checked out Copy number Cost, replacement price Price effective from Koha item type
    Dewey Decimal Classification     London London Folio 14/11/1997 7.50 4 F711.1 30054128 06/08/2019 26/03/2002 1 7.50 06/08/2019 Book